Datum a čas kvízu
36
Celkem bodů
Celkový počet nahraných bodů na tomto kvízu bez doplňovacích otázek.
4.
Pořadí na kvízu
Konečné umístění týmu na tomto kvízu.
Zaznamenané odpovědi
| # | Otázka | Odpověď | Body | Výsledky |
|---|---|---|---|---|
| 1. | Policie v Praze řeší případ vo... | Šlo o policejní auto. | 1 | |
| 2. | Ze kterého důvodu zrušil minul... | C | 1 | |
| 3. | 78 dní byla na vrcholu žebříčk... | Stranger Things | 1 | |
| 4. | Na technologickém veletrhu CES... | Tamagoči | 1 | |
| 5. | Hajar Abdelkader z Egypta minu... | Tenis | 1 | |
| 6. | Frank Lloyd Wright bývá označo... | Guggenheimovo muzeum | 0 | |
| 7. | Seřaďte uvedené události od té... | 1A 2B 3D 4C | 0 | |
| 8. | Jak si říká tento americký zpě... | Lenny Kravitz; New York City | 1 | |
| 9. | Turisté v NYC míří nejen do di... | 1C 2B 3A 4D | 1 | |
| 10. | Jak se jmenuje fiktivní město,... | Gotham (City); Bronx | 0.5 |